| 000 | 01093nam a22002537a 4500 | ||
|---|---|---|---|
| 005 | 20240530110437.0 | ||
| 008 | 150222s2005 ua oc g 000 0 ara d | ||
| 017 |
_a22327/2005 _bمصر . دار الكتب المصرية |
||
| 020 | _a9771433350 | ||
| 040 | _aEG-CaGPL | ||
| 041 | 0 | _aara | |
| 082 | 0 | 4 |
_221 _a910.92\ _bل س |
| 100 | 1 | _aلانجنر ، راينرك | |
| 245 | 1 |
_aسر الصحراء الكبرى : _bاقتفاء اثار باحث الصحراء جيرهارد رولفس / _cتاليف راينر لانجنر ؛ ترجمة سيد احمد فتح الله ابوزيد ؛ مراجعة محمد سليمان بدر |
|
| 250 | _aط1 | ||
| 260 |
_aالقاهرة : _bنهضة مصر للطباعة والنشر والتوزيع ، _c2005 |
||
| 300 |
_a265 ص : _bصور ؛ _c24 سم |
||
| 650 | 0 | 4 | _aالصحراء الكبرى |
| 650 | 0 | 4 | _aالصحراء الليبية |
| 700 | 0 |
_aسيد احمد فتح الله ابوزيد _eمترجم |
|
| 700 | 0 |
_aمحمد سليمان بدر _eمراجع |
|
| 942 |
_2ddc _cBK |
||
| 999 |
_c60965 _d60965 |
||